Clicca sul Membro dei Beatles - Statistics

Statistiche generali
  • Questo quiz è stato fatto 48 volte
  • Il punteggio medio è 13 su 24
Statistiche sulle risposte
Hint Risposta % Corretto
John Lennon
94%
Ha cantato I am the Walrus e Imagine
86%
Paul McCartney
86%
George Harrison
83%
Ha sposato Yoko Ono
81%
Fu assassinato a New York nel 1980 (RIP)
75%
Ringo Starr
75%
Era il batterista principale
75%
Protestò per la pace restando a letto
69%
Il suo nome di nascita era Richard Starkey
61%
Ha cantato Let it Be e Yesterday
58%
Ha detto che i Beatles erano più popolari di Gesù
56%
Era il chitarrista principale
50%
Ha cantato la sigla di un film di James Bond
47%
Il più giovane dei Beatles (aveva solo 27 anni quando si sciolsero)
44%
Ha avuto il maggior numero di singoli al primo posto nella sua carriera
42%
L'ultimo membro ad unirsi quando Pete Best fu licenziato
42%
Leggenda metropolitana: nel 1966 fu sostituito da una controfigura!
33%
Il Beatle più vecchio
33%
Conosciuto come "Il Beatle Silenzioso"
33%
Ha cantato Here Comes the Sun e My Sweet Lord
33%
Era il bassista principale
31%
Ha cantato Octopus's Garden e Yellow Submarine
28%
Ha prodotto il film del gruppo Monty Python Brian di Nazareth

22%
Nessun quiz corrispondente trovato
Distribuzione punteggi
Percentuale di utenti per punteggio
Percentile per numero di risposta
I tuoi punteggi nel tempo
Non hai fatto questo quiz